Utajená návšteva Niekoľko hodín s pánom Joachýmstálom

Bibliographic Details
Main Author: Lazorišák, Štefan, 1959- (Author)
Corporate Author: Klub angažovaných nestraníkov (Author)
Format: Article
Language:Slovak
Subjects:

MARC

LEADER 00000nab a2200000 a 4500
001 vtls000912999
003 SK-MaSNL
005 20260305015934.0
008 040720e19910416xo 0 slo
035 |a KE21902 
040 |a KEVKJB  |b slo  |c KEVKJB  |e AACR2 
041 0 |a slo 
044 |a xo  |c SK 
080 |a 329  |2 1981 
100 1 |a Lazorišák, Štefan,  |d 1959-  |4 aut  |9 156869 
245 1 0 |a Utajená návšteva  |b Niekoľko hodín s pánom Joachýmstálom 
610 2 7 |a Klub angažovaných nestraníkov  |2 KEVKJB  |9 30898 
650 0 7 |a prípravy založenia  |2 KEVKJB  |9 1595203 
650 0 7 |a informácie  |2 KEVKJB  |9 1285 
651 7 |a Košice (Slovensko)  |2 KEVKJB  |9 18694 
651 7 |a KE,  |2 KEVKJB  |9 877256 
655 7 |a periodikum  |2 snkbucl  |9 29553 
710 2 |a Klub angažovaných nestraníkov  |4 aut  |9 30898 
773 0 8 |t Večer  |g Roč. 2, č.74, 16.4.1991, s. 3 
852 |a ZVYKNI  |b KIS3GCP 
999 |c 3277913  |d 3279843